| 000 | 01573cam a2200337 c 4500 | ||
|---|---|---|---|
| 001 | 73049 | ||
| 003 | ES-MaACL | ||
| 005 | 20260326140313.0 | ||
| 008 | 900725s1917 sp | |||| 000 0 spa | ||
| 016 | 7 |
_abimoBNE19981689442 _zIND9200367835 _2SpMaBN |
|
| 035 | _a(OCoLC)432012306 | ||
| 035 | _a(SpMaBN)bimo0000923811 | ||
| 040 |
_aSpMaBN _bspa _cA2 |
||
| 080 |
_a929 _2summary |
||
| 080 | _a929(460)"18/19":342.532 | ||
| 100 |
_aGómez Bardají, Julio, _dn. 1870 _9239902 |
||
| 245 | 1 | 0 |
_aListas de los presidentes del Congreso desde 1810 _cpublícalas Julio Gómez Bardají |
| 260 |
_a[S.l.] _b[s.n.] _c1917 _eMadrid _fImp. Valentín Tordesillas |
||
| 300 |
_a37 p. _c21 cm |
||
| 336 |
_aTexto (visual) _2isbdcontent |
||
| 337 |
_asin mediación _2isbdmedia |
||
| 610 | 1 | 7 |
_aEspaña _bCortes Generales _bCongreso _xPresidentes _2embne _9153092 |
| 852 |
_cDEPOF _d1496-F-13 _aES-MaACL _973049 |
||
| 856 | 4 |
_uhttp://bdh-rd.bne.es/viewer.vm?id=0000088323&page=1 _yBiblioteca Digital Hispánica |
|
| 942 | _2udc | ||
| 956 | _a1 2 | ||
| 980 |
_cDonativo de _aJulia Martín _d1975 _aEduardo Comín Colomer (1908-1975) _aConservación en rústica _aEn caja de conservación _lPapel ácido _lHojas sueltas _lCubierta manchada _aEn contenedor de conservación _c2006 _aRetirado de consulta _aSpMaBN _bBNMADRID _j3/100850 _cSG_RECOLET |
||
| 980 |
_aRústica _aSpMaBN _bBNMADRID _jVC/667/13 _cSG_RECOLET |
||
| 980 |
_aMicrofilme _bMadrid _cBiblioteca Nacional _d2005 _e1 carrete de microfilme (25 fotogramas) ; 35 mm _aSpMaBN _bBNALCALA _jDGMICRO/54485 _cSG_PETANTI |
||
| 999 |
_c73049 _d73049 |
||